Saturday city / (Record no. 3105)
[ view plain ]
| 000 -LEADER | |
|---|---|
| fixed length control field | 00494pam a2200169 i 4500 |
| 005 - DATE AND TIME OF LATEST TRANSACTION | |
| control field | 20250901165402.0 |
| 008 - FIXED-LENGTH DATA ELEMENTS--GENERAL INFORMATION | |
| fixed length control field | 790124s1979 nyuj 000 1 eng |
| 010 ## - LIBRARY OF CONGRESS CONTROL NUMBER | |
| LC control number | 78021203 |
| 020 ## - INTERNATIONAL STANDARD BOOK NUMBER | |
| International Standard Book Number | 0312699743 : |
| Terms of availability | $10.95 |
| 050 00 - LIBRARY OF CONGRESS CALL NUMBER | |
| Classification number | PZ4.W38 .W43 1979 |
| Item number | Sat 1979 |
| Classification number | PR6073.E2313 |
| 082 00 - DEWEY DECIMAL CLASSIFICATION NUMBER | |
| Classification number | 823/.9/14 |
| 100 1# - MAIN ENTRY--PERSONAL NAME | |
| Personal name | Webster, Jan, |
| Dates associated with a name | 1924- |
| 245 10 - TITLE STATEMENT | |
| Title | Saturday city / |
| Statement of responsibility, etc. | Jan Webster. |
| 260 ## - PUBLICATION, DISTRIBUTION, ETC. | |
| Place of publication, distribution, etc. | New York : |
| Name of publisher, distributor, etc. | St. Martin's Press, |
| Date of publication, distribution, etc. | c1979. |
| 300 ## - PHYSICAL DESCRIPTION | |
| Extent | 350 p. : |
| Other physical details | geneal. table ; |
| Dimensions | 22 cm. |
| 942 ## - ADDED ENTRY ELEMENTS (KOHA) | |
| Source of classification or shelving scheme | Dewey Decimal Classification |
| Withdrawn status | Lost status | Source of classification or shelving scheme | Damaged status | Not for loan | Home library | Current library | Shelving location | Date acquired | Total checkouts | Full call number | Barcode | Date last seen | Price effective from | Koha item type |
|---|---|---|---|---|---|---|---|---|---|---|---|---|---|---|
| Library of Congress Classification | Main Library | Main Library | 03/19/2021 | PZ4.W38 .W43 1979 | PIU0004686 | 03/19/2021 | 03/19/2021 | Books |